[Event "Belgrade Investbank"]
[Site "Belgrade"]
[Date "1995.??.??"]
[Round "9"]
[White "Gelfand, Boris"]
[Black "Shirov, Alexei"]
[Result "1-0"]
[WhiteElo "2685"]
[BlackElo "2695"]
[Annotator "Gelfand,B"]
[PlyCount "75"]
[EventDate "1995.11.??"]
[EventType "tourn"]
[EventRounds "11"]
[EventCountry "YUG"]
[EventCategory "17"]
[SourceTitle "CBM 051"]
[Source "ChessBase"]
[SourceDate "1996.04.01"]
[SourceVersion "1"]
[SourceVersionDate "1996.04.01"]
[SourceQuality "1"]

1. c4 {Kortschnoj Ribli} Nf6 2. Nc3 d5 3. cxd5 Nxd5 4. g3 g6 5. Bg2 Nxc3 {
Ich verstehe nicht, warum ein solcher Supergrossmeister wie Shirov eine
bekannte passive Variante waehlt?} (5... Nb6 $5 {Ribli}) 6. bxc3 Bg7 7. Rb1 Nd7
8. Nf3 O-O 9. O-O Rb8 (9... Nb6 10. Qc2 (10. Ng5) (10. Ng5 $1 {Ribli} Bf5 (
10... Qd7 11. Qb3 Qg4 12. Nf3 Be6 13. Qc2 Qc4 14. Ng5 $36 {Ribli,Z-Gutman,L/
BRD/1987/INF44,14/}) 11. d3 Rb8 12. c4 Qe8 13. Bf4 e5 14. Bd2 f6 15. Ne4 Bd7
16. Nc3 Bc6 17. Nd5 Rf7 18. Qb3 $14 {Kallai,G-Liss,E/Budapest FS/1995/CBM49/}))
10. d4 b6 (10... Nb6 $5 {Kortschnoj}) 11. d5 $146 {Ribli: Eine bedeutende
Neuerung. Dieser Zug hat zwei Sinne: 1.Weiss gewinnt weiteren Raum. 2.Schwarz
kann c5 oder e5 nur mit grosser Muehe durchsetzen.} (11. e4 {Ribli} e5 12. Re1
c5 $5 13. a4 Ba6 14. d5 h6 15. Bf1 Bxf1 16. Rxf1 Nf6 17. Qe2 $1 (17. Nd2 $6 Qd7
$13 {Huebner,R-Gutman,L/BRD/1988/INF45,13/}) 17... Ne8 18. Nd2 Qd7 19. Ba3 Nd6
20. Nc4 $14 {Huebner}) 11... Bb7 {Ribli: Schwarz geraet nun in eine sehr
passive Stellung. Der Nachziehende sollte das Bauernopfer annehmen.} (11...
Bxc3 12. Nd4 Bb7 13. Bh6 (13. Rb3 Ba5 14. Bb2 Nc5 15. Re3 Bxd5 16. Nf5 gxf5 17.
Bxd5 e6 18. Qd4 f6 19. Rxe6 Nxe6 20. Bxe6+ Kg7 21. Qh4 $36) (13. Qd3 {Ribli}
Bxd4 14. Qxd4 Nf6 15. Rd1 $44) 13... Re8 14. Rb3 Ba5 $44) 12. Nd4 (12. c4 Ne5
$5) 12... Nc5 13. c4 e6 (13... e5 {Ribli} 14. Nb3 Nxb3 15. Qxb3 $14 (15. axb3
$14)) 14. e4 {Droht /\ Ba3.} c6 $5 {Ribli: Schwarz will nicht tatlos zuschauen,
wie Weiss seine Stellung deutlich verstaerkt.} (14... exd5 15. exd5 Qf6 16. Be3
$16) 15. Nxc6 Bxc6 16. dxc6 Qc7 (16... e5 17. Ba3 (17. Qxd8 {Ribli} Rbxd8 18.
Ba3 (18. Bh3 $5) 18... Rd6 19. Bxc5 bxc5 20. Rb7 Rxc6 21. Rxa7 Rd8 22. Rb1 $16)
17... Qc7 18. Bxc5 bxc5 19. Qd7 Rbc8 20. Rb7 Qxc6 21. Qxc6 Rxc6 22. Rxa7 $16)
17. e5 $1 {Ribli: [#] Zwecks Diagonaleoeffnung gibt Gelfand seinen Mehrbauern
zurueck und er hat jetzt einen gefaehrlichen Freibauern auf der c-Linie.} Rbd8
(17... Rfd8 $5) 18. Qc2 Bxe5 19. Bg5 f6 (19... Rd6 20. Rbd1 (20. Rfe1 f6) 20...
Bd4 $5 (20... Rxc6 $5 {Ribli} 21. Bxc6 Qxc6 22. Rfe1 $16 (22. Bh6 $5))) 20. Bh6
Rfe8 21. Rbd1 {Ribli: Weiss will beide Tuerme abtauschen und dann gewinnt der
c6-Bauern fast automatisch.} Bd4 $2 (21... Rxd1 $5 22. Rxd1 Rd8 23. Be3 Rxd1+
24. Qxd1 Qd6 $5 $14) 22. Bf4 e5 (22... Be5 23. Be3 $16) (22... Qc8 $5 {Ribli
Dieser Zug war die letzte Chance.} 23. Rd2 (23. c7 Rd7 24. Bc6 e5 $14) 23...
Kg7 24. Rfd1 e5 25. Be3 Ne6 26. Bd5 $16) 23. Bd5+ Kg7 (23... Ne6 {Ribli} 24.
Rxd4 exf4 25. Re4 $18) 24. Rxd4 $1 $16 {[#]} exf4 25. Rxf4 {Ribli: Weiss hat
einen riesigen Bauern auf c6 mehr, den er in der Folge zum Sieg verwertet.} Re5
26. Rd4 {Weiss will einfach das Quelitaetsopfer nicht mehr lassen..} Rde8 27.
Bf3 Rf5 (27... Re1 $5) 28. Qc3 Re7 (28... Qe5 29. Rfd1) 29. Rfd1 h5 30. h4 Qe5
$6 (30... Rfe5) 31. Qa3 Qe6 (31... Qc7 32. Rd7 $1) 32. Rd6 {Ribli: Eine kleine
, aber huebsche Kombination entscheidet die gut angelegte Partie.} Qxc4 33. Rd7
{[#]} Rfe5 (33... Nxd7 {Ribli} 34. Qxe7+ $18) (33... Rxd7 {Ribli} 34. cxd7 $18)
34. Rxa7 $1 Kh6 $6 35. Rxe7 Rxe7 36. Qb2 {Ribli: Jetzt droht alles ><f6,b6.} (
36. Qa8 $5 {Lazarevic,M}) 36... Ne4 37. Bxe4 Qxe4 38. Qxf6 1-0

[Event "Tel Aviv Last Autumn"]
[Site "Tel Aviv"]
[Date "2002.11.04"]
[Round "3"]
[White "Gerzhoy, Leonid"]
[Black "Tyomkin, Dimitri"]
[Result "1-0"]
[WhiteElo "2389"]
[BlackElo "2482"]
[Annotator "Gofshtein,L"]
[PlyCount "74"]
[EventDate "2002.11.01"]
[EventType "tourn"]
[EventRounds "9"]
[EventCountry "ISR"]
[EventCategory "8"]
[SourceTitle "CBM 092"]
[Source "ChessBase"]
[SourceDate "2003.02.06"]
[SourceVersion "1"]
[SourceVersionDate "2003.02.06"]
[SourceQuality "1"]

1. Nf3 Nf6 2. c4 g6 3. Nc3 d5 4. Qa4+ Bd7 5. Qb3 dxc4 6. Qxc4 Bg7 7. e4 O-O 8.
e5 Ng4 9. d4 Na6 $146 {Usual 9...Be6 leads to unclear position. The last move
is a novelty which gives black good counterplay;} (9... Be6 $5 10. d5 Bf5 11.
Qe2 Nd7 12. Bf4 f6 $132) 10. Bf4 {Few rounds later Gerzhoy played here12.h3Nh6
13.Bf4 and game transposes to one of main lines of Grunfeld;} c5 11. d5 b5 (
11... Qb6) 12. Qe2 Nh6 $6 {In case of 12...Nc7 black would get counterplay.} (
12... Nc7 $5 13. Qd2 b4 14. Ne2 f6 15. e6 Bc8) 13. Qd2 Nf5 14. Nxb5 Nb4 15. Na3
(15. a3 $5 Bxb5 16. axb4 Bxf1 17. Rxf1 $16) 15... e6 $6 {15...Qb6 looks much
better;} (15... Qb6 $5 16. Bc4 Rad8 $132) 16. d6 Nd5 (16... Bc6 $5 17. Be2 f6)
17. Nc4 Nxf4 18. Qxf4 $16 {White has achieved clear advantage and leads the
game to win;} Bh6 19. Qe4 Bb5 20. Bd3 Rb8 21. O-O Ba6 22. b3 Rb4 23. Qe2 Bb7
24. Be4 Bd5 25. Qd3 Bxc4 26. bxc4 Nh4 27. Nxh4 Qxh4 28. g3 Qh5 29. f4 g5 30. f5
exf5 31. Rxf5 $18 Rb2 32. Bg2 Qe2 33. Qxe2 Rxe2 34. Bd5 Bg7 35. Raf1 Rxe5 36.
Rxf7 Rxf7 37. Bxf7+ Kf8 1-0

[Event "Vlissingen HZ op 04th"]
[Site "Vlissingen"]
[Date "2000.07.31"]
[Round "4"]
[White "Janssen, Ruud"]
[Black "Golod, Vitali"]
[Result "1/2-1/2"]
[WhiteElo "2414"]
[BlackElo "2590"]
[Annotator "Golod,V"]
[PlyCount "83"]
[EventDate "2000.07.29"]
[EventType "swiss"]
[EventRounds "9"]
[EventCountry "NED"]
[SourceTitle "CBM 077 Extra"]
[Source "ChessBase"]
[SourceDate "2000.09.14"]
[SourceVersion "1"]
[SourceVersionDate "2000.09.14"]
[SourceQuality "1"]

1. Nf3 Nf6 2. c4 g6 3. Nc3 d5 4. Qa4+ Bd7 5. Qb3 dxc4 6. Qxc4 Nc6 {[%mdl 4]
Besides,black has two principales alternatives:} (6... Bg7 $5) ({and} 6... a6
$5) 7. d4 ({After:} 7. e4 {black equalizes by means of:} e5) 7... Bg7 (7... Be6
$6 {Kramnik,V} 8. Qa4 $16) ({Very interestingly:} 7... a6 $5 8. d5 $140 Na7 9.
Bg5 Nb5 $132 {Gurevich,D-Yermolinsky,A/Salt Lake City, 1999(1/2-1/2)(68)}) 8.
e4 O-O ({A little worse is:} 8... Bg4 9. d5 Bxf3 10. gxf3 (10. dxc6 $143 b5 $1
$13 {[%csl Re1]}) 10... Ne5 11. Qa4+ Nfd7 12. Be2 O-O 13. f4 Nb6 14. Qb3 Ned7
15. Be3 {+/=/= Van Wely,L-Mikhalevski,V/Dieren,1999 (1-0)(67)}) 9. e5 Be6 ({
Perilously:} 9... Ng4 {in view of:} 10. Bf4 {[%csl Rg4] +/=/+/-} Na5 $2 11. Qe2
Kh8 (11... Be6 12. h3 Nh6 13. Qd2 {[%csl Rh6]} Nf5 14. g4 $18) 12. h3 Nh6 13.
Bxh6 $1 Bxh6 14. e6 $18 {[%csl Ra5,Rd7,Rh8][%cal Ge6d7,Ge2e5] Vaulin,A-Vokarev,
S/Novgorod,1999(1-0) (49)}) 10. exf6 Bxc4 11. fxg7 Kxg7 {It's best move.} ({
Badly:} 11... Bxf1 {Kramnik,V} 12. gxf8=Q+ Qxf8 (12... Kxf8 13. Rxf1 Nxd4 14.
Bh6+ Kg8 15. O-O-O $16) 13. Kxf1 Rd8 14. Be3 $16) 12. Bxc4 Nxd4 13. Nxd4 Qxd4
14. Be2 $14 {[%mdl 1024]} ({Dangerously:} 14. Bb3 $2 {in view of:} Qd3 $36 {
[%csl Gd3,Re1]}) 14... Rfd8 $5 $146 {[%mdl 8] This move was not played in the
next game:} (14... Rad8 15. O-O Qe5 $6 (15... c6 $5) 16. Be3 Rd7 17. Rfe1 $16 {
You can see comments to Kramnik,V-Ivanchuk,V/Belgrade,1997/CBM 62 (1/2-1/2)
(Baburin,A)(32)}) 15. O-O c6 {[%csl Ya7,Yb7,Rc3,Yc6]} 16. Be3 Qb4 17. Rab1 Rd7
{My plan is:Rad8 and Rd2(/\Greenfeld,A)} 18. Rfc1 Rad8 19. h3 Rd2 $1 20. a3 ({
Pretty dubious:} 20. Bxd2 Rxd2 21. b3 Qd4 $36 {[%csl Gd2,Gd4] with strong
pressure in the black's squares.}) 20... Qb3 21. Bd1 Qc4 22. b4 Qa6 $6 {
A little optimistic.More safely would be:} (22... R8d3 $5 {[%cal Gd3e3]} 23.
Bxd2 (23. Be2 $6 Rxe2 24. Nxe2 Qa2 {[%csl Ra3]} 25. Nf4 (25. Kf1 $5) 25... Rxa3
26. Bd4+ (26. b5 $2 e5 $1 {[%csl Rf4]} 27. bxc6 bxc6 28. Bc5 Rc3 $1 $19) 26...
f6 $15) 23... Rxd2 24. Bf3 $13) 23. a4 $1 R8d3 {[%cal Gd3e3]} ({After:} 23...
Rxd1+ $6 24. Nxd1 (24. Rxd1 $143 Rxd1+ 25. Rxd1 Qc4 26. b5 $1 {[%csl Ge3,Rg7]}
f6 27. Rc1 cxb5 28. axb5 a5 29. bxa6 bxa6 $44) 24... Qxa4 25. Nc3 Qa3 26. b5
Rd3 27. bxc6 $1 bxc6 28. Ne4 {white has a big advantage.} Rxe3 $140 $6 29. fxe3
Qxe3+ 30. Nf2 $16) 24. Bxd2 ({Another possibility is:} 24. Be2 Rxe2 $1 25. b5
$1 (25. Nxe2 $2 Rxe3 26. b5 $1 cxb5 27. fxe3 (27. axb5 $2 Qa2 $17) 27... bxa4
$15) 25... Qa5 (25... cxb5 $6 26. axb5 Qe6 27. Nxe2 {+/=/+/-} Rxe3 28. fxe3
Qxe3+ 29. Kf1 $16) 26. Nxe2 Qxa4 27. bxc6 bxc6 28. Ra1 $14) 24... Rxd2 25. Ne4
Rd4 26. Nc5 Qb6 27. a5 Qc7 ({Badly:} 27... Qb5 $2 {because of:} 28. Ba4 $16)
28. Bf3 Qf4 $1 ({After:} 28... b6 $6 {strongly:} 29. axb6 axb6 30. Na6 Qa7 ({
impossibly:} 30... Qc8 $2 {in view of:} 31. b5 c5 $140 32. Nxc5 $1 bxc5 33. b6
$18 {[%csl Gb6]}) 31. b5 cxb5 32. Nc7 Rc4 33. Nxb5 Rxc1+ 34. Rxc1 $14) 29. Nxb7
(29. b5 $143 cxb5 30. Nxb7 b4 $13) 29... Rxb4 30. Bxc6 $14 Rb2 $1 {[%csl Rf2]
[%cal Gf4f2]} 31. Rf1 ({In my opinion it deserves attention:} 31. Bf3 $5 Qd2
32. Rf1 $14) 31... Rxb1 ({Another alternative is:} 31... Rc2 $6 32. Bf3 h5 {
[%csl Gb7,Yc2]} 33. Rbe1 $14) 32. Rxb1 Qc4 33. Bf3 ({After:} 33. Bb5 $6 {
black equalizes:} Qc2 34. Rf1 $140 a6 $1 35. Bxa6 Qc6 {[%csl Ra6,Rb7]} 36. Ra1
(36. Be2 Qxb7 37. a6 Qb2 $1) 36... Qxa6 37. Nc5 Qf6 38. Nb3 Qa6 $11) 33... e5 {
[%cal Gc4c2,Ge5e4]} (33... f5 $5 {[%cal Ge7e5,Ge5e4] An interesting idea which
was mentioned by Mikhalevski,V after the game.}) 34. Rd1 ({Senselessly:} 34.
Re1 {because of:} f5 $36 35. Rxe5 $140 $4 Qc1+ 36. Kh2 Qf4+ {[%csl Re5,Rh2]})
34... Qc2 $1 {[%cal Ge5e4]} (34... e4 $2 {is refuted by:} 35. Nd6 Qa4 36. Nxe4
Qxa5 $16) 35. Nd6 f5 36. Nb5 (36. Kf1 Qa4 $1 37. Nb7 $140 $2 (37. Rd5 $142 $11)
37... Qb5+ {[%csl Rb7,Yf3][%cal Ge5e4]} 38. Kg1 e4 39. Nd6 Qa6 $17 {[%csl Ya6,
Rf3][%cal Ya6e2]}) 36... a6 $1 {Make made the game equal.} ({Also good enough
for equality:} 36... e4 $5 37. Nd4 Qa4 38. Be2 Qxa5 $11) 37. Rd7+ Kh6 {Is the
obligatory move.Differently after:} (37... Kf6 $6 38. Nc7 e4 39. Bd1 Qc5 (39...
Qc6 $4 40. Rd6+ Qxd6 41. Ne8+ $18) 40. Be2 {white has a advantage.}) 38. Nd6 (
38. Nc7 $2 Qa4 $1 $36 (38... e4 $143 39. Bd1 Qc6 40. Rf7 Qc4 41. Rd7 Qc6 $11))
38... Qc1+ 39. Kh2 Qf4+ $11 {[%csl Rf3,Rh2] For black is better to repeat
moves than go to another position:} (39... e4 40. Nf7+ Kg7 41. Be2 Qf4+ 42. Kg1
e3 43. Ng5+ Kh6 44. Nf3 (44. Nf7+ $11) 44... Qa4 45. Rd1 exf2+ 46. Kxf2 Qxa5 {
+/=/=}) 40. Kg1 $8 (40. g3 $4 Qxf3 41. Nf7+ Kh5 $19) 40... Qc1+ 41. Kh2 Qf4+
42. Kg1 1/2-1/2

[Event "ISR-ch"]
[Site "Ramat Aviv/Modiin"]
[Date "2000.12.19"]
[Round "3"]
[White "Golod, Vitali"]
[Black "Tseitlin, Mark D"]
[Result "1/2-1/2"]
[WhiteElo "2590"]
[BlackElo "2445"]
[Annotator "Golod,V"]
[PlyCount "107"]
[EventDate "2000.12.17"]
[EventType "tourn"]
[EventRounds "11"]
[EventCountry "ISR"]
[EventCategory "11"]
[SourceTitle "CBM 081"]
[Source "ChessBase"]
[SourceDate "2001.03.20"]
[SourceVersion "1"]
[SourceVersionDate "2001.03.20"]
[SourceQuality "1"]

1. Nf3 Nf6 2. c4 g6 3. Nc3 d5 4. Qa4+ Bd7 5. Qb3 dxc4 6. Qxc4 Bg7 $5 {Besides,
white has two principales moves:} (6... a6 $5) ({and} 6... Nc6) 7. e4 O-O 8. e5
Ng4 9. d4 Be6 $5 (9... Nc6 $143 {See comments to Ivanchuk,V-Shirov,A/Polanica
Zdroj, 1998/CBM 67(1-0)(Ribli,Z) (53)}) 10. d5 (10. Qb5 $5 Qc8 11. h3 Nh6 12.
Bf4 c6 13. Qe2 f6 $13 {Mikhalevski,V-Odeev,H/Saint Vincent,2000 (0-1)(33)})
10... Bf5 11. Bf4 Nd7 12. Qe2 {[%csl Ye2][%cal Ye2e5]} f6 $1 {Mikhalevski,V:
Otherwise black pieces feel very uncomfortable on the kingside.} 13. e6 Nde5 ({
Badly:} 13... Nc5 {[%cal Gc5d3] because of:} 14. Qc4 g5 15. Bg3 Na6 16. h4 $16
{Volzhin,A-Valdes,L/Saint Vincent,2001(1-0) (31)}) 14. Rd1 Qd6 $5 (14... c6 $2
{Mikhalevski,V: Desisive mistake.Black should solve the problem of the knight
on g4.} 15. Nd4 $1 $16 {See comments to game: Rustemov,A-Zezulkin,J/Swidnica,
1999/CBM 71 (1-0)(Mikhalevski,V)(23)}) 15. h3 $5 $146 {[%mdl 8]} ({Another
possibility:} 15. Nd4 $5 {You can find in annotations to game:Rustemov,
A-Zezulkin,J/Swidnica,1999/CBM 71(1-0)(Mikhalevski,V) (23)}) 15... Nxf3+ $8 ({
Loses right away:} 15... Nh6 $2 16. Nxe5 fxe5 17. Bxh6 Bxh6 18. g4 {[%csl Rf5]}
) ({and} 15... Nd3+ $2 16. Rxd3 Bxd3 (16... Qxf4 $143 17. Rd4 Qc1+ 18. Rd1 $18
{[%csl Rc1,Rg4]}) 17. Qd2 {[%csl Rd3,Rd6,Rg4]} Ne5 18. Bxe5 fxe5 19. Bxd3 $18)
16. Qxf3 Ne5 17. Qe3 g5 $5 ({It seems, that is strong:} 17... Qb4 {but after
the correct answer} 18. Rd2 {[%cal Gg2g4] Black get in a strip of difficulties.
} (18. Bxe5 $6 fxe5 $140 19. g4 $4 Bc2 20. Rc1 Qxb2 21. Qd2 Bh6 $3 {[%csl Rc1,
Rc3,Yd2,Gh6][%cal Gb2c1,Gb2c3]} 22. Qxh6 Qxc3+ 23. Qd2 Qxd2+ 24. Kxd2 Rxf2+ 25.
Ke3 Raf8 26. Be2 Be4 $1 $17 {[%csl Rd5,Rh1]})) ({Also it deserves attention:} 
17... Qb6 $5) 18. Bxe5 Qxe5 $1 ({Differently at the queens black it will be
heavy to protect the royal flank} 18... fxe5 19. Bd3 $14) 19. Qxe5 fxe5 20. Bb5
$5 {In my opinion,this move better,than:} (20. Bd3 {that show the following
variants:} e4 $1 21. Nxe4 Rad8 (21... Bxb2 $6 22. Rb1 Bxe4 23. Bxe4 Bd4 24. f3
Rab8 25. g4 $1 $14 {[%cal Gh3h4]}) 22. Ng3 (22. Bb1 Bxb2 (22... c6 $5) 23. Nxg5
Bxb1 24. Rxb1 Rxd5 {[%csl Rg5]} 25. Rxb2 Rxg5 $13) (22. Nxg5 $143 Rxd5 23. Bxf5
Rfxf5 24. Nf3 Bxb2 25. Ke2 Bf6 {=/+/=}) 22... Bxd3 23. Rxd3 Bxb2 24. Ke2 Be5
$13) 20... e4 {[%csl Rf5,Gg7][%cal Gg7a1] One bishop opens,but another is
closed.} 21. O-O Bxc3 $6 {[%mdl 16384]} ({Can be recommended:} 21... Be5 $5 22.
Rfe1 Kg7 $11) 22. bxc3 Kg7 ({It deserves attention:} 22... c6 $5 23. dxc6 bxc6
24. Bxc6 Rac8 $132 {[%csl Rc3]}) 23. Rfe1 $14 Rad8 (23... Kf6 $142) 24. Bd7 {
Here bishop covers mine weakness and I can begin to attack queen side of the
black.} Kf6 25. c4 (25. Rd4 $5 {[%csl Ra7][%cal Gd4a4]}) 25... b6 26. Re3 Bg6
27. Rd2 {[%csl Yd2,Rf2][%cal Yd2f2]} Ke5 $2 {I waited for this move.Probably
Mark did not see my 29-th move.} ({It is necessary:} 27... h5 $5 {[%cal Gh5h4]}
) 28. Ra3 Kd6 29. c5+ $1 (29. Rxa7 $2 Ra8 30. Rxa8 Rxa8 $44) 29... bxc5 (29...
Kxc5 $143 30. Rc3+ Kd6 31. Rc6+ Ke5 32. Rxc7 $16) 30. Ra6+ Ke5 31. Rxa7 Be8 {
[%csl Yd7,Ge8] Black want to exchange of a source of their troubles.} (31... c4
$2 32. Rxc7 e3 33. fxe3 Bd3 34. d6 $1 $18 Kxd6 $140 35. Rxc4 $18 {[%csl Gd2,
Rd6]}) (31... Ra8 $5 32. Rxc7 Ra5 33. a4 {[%csl Rc5][%cal Gd7b5]} (33. d6 $2
exd6 34. e7 Rb8 $13) 33... Kd6 $14) 32. Rxc7 Bxd7 33. exd7 Kd6 34. Rc6+ Kxd7
35. Rxc5 $16 Rc8 36. Rb5 $1 ({Much worse is:} 36. Rxc8 Rxc8 37. Rd4 Rc1+ 38.
Kh2 Rc2 39. Kg3 Re2 $1 $14 {[%cal Gh7h5,Gh5h4]} (39... Rc3+ $2 40. Kg4 Rc2 41.
Rxe4 Rxf2 42. g3 Rxa2 43. Kxg5 $16)) 36... Rb8 37. Rxb8 $2 $138 {I saw the
correct plan but could not decide on him as on my hours there were only 2
minutes.} (37. a4 $1 Rxb5 38. axb5 Rb8 39. Rb2 Kd6 40. Kf1 Kxd5 41. Ke2 Rb6 (
41... Kc5 42. Ke3 Rxb5 43. Rxb5+ Kxb5 44. Kxe4 Kc4 45. Kf5 Kd3 46. Kxg5 Ke2 47.
f4 Kf2 48. g4 Kg3 49. h4 h6+ 50. Kxh6 Kxg4 51. h5 Kxf4 52. Kg6 e5 53. h6 $18)
42. Ke3 h5 43. Rb1 h4 (43... g4 44. h4) 44. Rb2 $22 Ke5 45. Rb4 Kd5 (45... Kf5
46. Kd4) 46. Rd4+ $18) 37... Rxb8 38. Rd4 Rb1+ 39. Kh2 Rb2 40. Kg3 Re2 $1 {
[%cal Gh7h5,Gh5h4]} 41. a4 h5 42. Rb4 (42. a5 h4+ 43. Kh2 Rxf2 44. Rxe4 Ra2 45.
Re5 Rxa5 46. Rxg5 Ra4 $1 {[%csl Ya4,Rh4][%cal Ya4h4,Ge7e6]}) 42... Kd6 43. a5
h4+ 44. Kh2 Rxf2 45. Rxe4 ({Also leads to draw:} 45. Ra4 e3 46. Kg1 Rf8 (46...
Rb2 $2 47. Kf1 Rf2+ 48. Ke1 Rxg2 49. a6 $18 {[%csl Ga6][%cal Ga6a7,Ga7a8]}) 47.
a6 e2 48. Ra1 Kxd5 49. Re1 $11) 45... Ra2 46. Re6+ (46. a6 $144 Kxd5 47. Rxe7
Rxa6 48. Rg7 Ra4 49. Rxg5+ Ke6 50. Rg4 Rxg4 51. hxg4 Kf6 52. Kh3 Kg5 $11) 46...
Kxd5 47. Rg6 Rxa5 48. Rxg5+ e5 49. Rg4 Ra1 (49... e4 $4 50. Rg5+) 50. Rxh4 e4
$11 {Black pawn "e4" costs two white pawns.} 51. Kg3 Rf1 52. Rh8 (52. Rf4 $4
Rxf4 53. Kxf4 Kd4 $19 {[%csl Ge4][%cal Ge4e3,Ge3e2,Ge2e1]}) 52... e3 53. Re8
Kd4 54. h4 (54. h4 Kd3 55. Rd8+ (55. h5 e2 56. Kg4 e1=Q 57. Rxe1 Rxe1 58. h6
Ke4 59. Kg5 $11) 55... Ke2 56. Re8 Kd2 57. Rd8+ Ke1 58. h5 e2 59. Kg4 Kf2 60.
Re8 e1=Q 61. Rxe1 Rxe1 62. h6 $11) 1/2-1/2